Exposición Aragonesa que deberá inaugurarse en Zaragoza en 25 de julio de 1886 : hoja de inscripción hoja de inscripción
Descripción Física:
1 díptic ; 27 cm
Materias:
Exposicions -- Saragossa -- 1886
MARC
| LEADER | 00000nam a2200000Ia 4500 | ||
|---|---|---|---|
| 001 | 16193 | ||
| 003 | BGR | ||
| 005 | 20260410113641.0 | ||
| 008 | 160829s9999 xx 000 0 cat d | ||
| 080 | |a RF-13-26 | ||
| 111 | |a Exposición Aragonesa |9 70873 |c (Saragossa: |d 1886) | ||
| 245 | |a Exposición Aragonesa que deberá inaugurarse en Zaragoza en 25 de julio de 1886 : |b hoja de inscripción | ||
| 260 | |a [Zaragoza] : |b Tip. de Zacarias Rodriguez, [1886?] | ||
| 300 | |a 1 díptic ; |c 27 cm | ||
| 590 | |a Prové de 1403, exp. 5. | ||
| 590 | |a El reglament de l'exposició es troba al R. 16194 | ||
| 650 | |a Exposicions |x Saragossa |x 1886 |9 46947 | ||
| 856 | 4 | |u https://media.diba.cat/diba/fitxers/arxiu/fulletons/bib_16193_1886_baixa.pdf |y Accés lliure | |
| 856 | 4 | |u https://media.diba.cat/diba/fitxers/arxiu/fulletons/bib_16193_1886_baixa.pdf |y Accés lliure | |
| 900 | |a bib_16193_1886_baixa.pdf | ||
| 901 | |a Arxiu | ||
| 942 | |n 1 |2 udc |c MON | ||
| 952 | |0 0 |1 0 |4 0 |6 RF1326 |7 1 |9 53555 |a Arxiu |b Arxiu |d 2016-12-01 |l 0 |o RF-13-26 |p 16193 |r 2016-12-01 00:00:00 |w 2016-12-01 |y ARXIU | ||
| 999 | |c 57421 |d 57421 | ||